000 00423nab a2200145Ia 4500
003 ES-SlBCS
005 20210601131737.0
008 140529s1953 xxu||||| |||| 00| 0 fre d
041 _afre
100 1 _aRottier, Georges
_9188313
245 0 0 _aCouronnement du Commonwealth
_c Georges Rottier
650 0 4 _aColonias Británicas
_9188497
773 0 _tVie Intelectuelle (La)
_gnº. 7, 1953, págs. 78-80
_wRev907
942 _cAR
999 _c568056
_d568056